Central Library OPAC University of Rajshahi

The three musketeers / (Record no. 85473)

MARC details
000 -LEADER
fixed length control field 00611cam a2200205u 4500
001 - CONTROL NUMBER
control field 85473
003 - CONTROL NUMBER IDENTIFIER
rucl marc code BD-RjUL
005 - DATE AND TIME OF LATEST TRANSACTION
control field 20250809104203.0
008 - FIXED-LENGTH DATA ELEMENTS--GENERAL INFORMATION
fixed length control field 830630s1930 pauf 000 0 eng
035 ## - SYSTEM CONTROL NUMBER
System control number BD-RjUL)85473
040 ## - CATALOGING SOURCE
Original cataloging agency DLC
Transcribing agency CarP
Modifying agency DLC
Language of cataloging eng
041 ## - LANGUAGE CODE
Language code of text/sound track or separate title eng
082 ## - DEWEY DECIMAL CLASSIFICATION NUMBER
Edition number 23
Classification number 843
Author mark and year DUT 1930
100 1# - MAIN ENTRY--PERSONAL NAME
Personal name Dumas, Alexandre,
Dates associated with a name 1802-1870.
9 (RLIN) 16516
245 14 - TITLE STATEMENT
Title The three musketeers /
Statement of responsibility, etc. Alexandere Dumas
260 ## - PUBLICATION, DISTRIBUTION, ETC. (IMPRINT)
Place of publication, distribution, etc. London :
Name of publisher, distributor, etc. George Routledge ,
Date of publication, distribution, etc. 1930
300 ## - PHYSICAL DESCRIPTION
Pagination 492 p.;
Illustrations col. front., col. plates.
Size 20 cm.
651 #0 - SUBJECT ADDED ENTRY--GEOGRAPHIC NAME
Geographic name France
General subdivision History
Chronological subdivision Louis XIII, 1610-1643
General subdivision Fiction.
9 (RLIN) 16517
942 ## - ADDED ENTRY ELEMENTS (KOHA)
Source of classification or shelving scheme Dewey Decimal Classification
Koha item type Books
Holdings
Lost status Source of classification or shelving scheme Damaged status Not for loan Collection code Permanent Location Current Location Shelving location Date acquired Total Checkouts Full call number Date last seen Copy number Koha item type
  Dewey Decimal Classification   Not For Loan Non-fiction Central Library, University of Rajshahi Central Library, University of Rajshahi Reading Room 09/08/2025   843 DUT 1930 09/08/2025 C-1 Books